| 000 | 01071nac a22002531u 4500 | ||
|---|---|---|---|
| 010 | _a 95032192 | ||
| 020 | _a082479558X (hardcover : alk. paper) | ||
| 082 | 0 | 0 |
_a620.192 _bHOA |
| 090 |
_c6713 _d6713 |
||
| 100 | _aHoa, Suong Van | ||
| 245 | 0 | 0 |
_aComputer-aided design of polymer-matrix composite structures / _cedited by Suong Van Hoa. |
| 260 |
_aNew York : _bM. Dekker,c1995. _cc1995. |
||
| 300 |
_aix, 371 p. : _bill. ; _c24 cm. |
||
| 490 | 1 | _aMechanical engineering | |
| 500 | _aDistributer: Al-Ahram. | ||
| 504 | _aIncludes bibliographical references and index. | ||
| 511 | _aCatalogued By: Mahitab. | ||
| 650 | 0 |
_aComposite construction _xComputer-aided design. |
|
| 650 | 0 |
_aPolymeric composites _xData processing. |
|
| 830 | 0 | _aMechanical engineering (Marcel Dekker, Inc.) | |
| 856 | 4 | 2 |
_3Publisher description _uhttp://www.loc.gov/catdir/enhancements/fy0648/95032192-d.html |
| 942 |
_cBB _k620.192HOA |
||
| 999 |
_c6713 _d6713 |
||